Правда ли это? 6 - Statistics

General Stats
  • This quiz has been taken 19 times
  • The average score is 16 of 30
Answer Stats
Question Answer % Correct
Волчанка - это реально существующая болезнь Да
83%
День святого Патрика не является государственным праздником в Ирландии Нет, является
78%
Во время участия США во Второй мировой войне все театры на нью-йоркском Бродвее были закрыты Нет
72%
До начала-середины XX века парный танец танго считался слишком откровенным и непристойным Да
72%
Некоторые летучие мыши действительно сосут кровь из млекопитающих Да
72%
К темнокожим альбиносам на солнце не прилипает загар Да, они не могут загореть
67%
Чистка ушей ватными палочками сильно вредит слуху Да
67%
Самый просматриваемый музыкальный клип в истории - "Never Gonna Give You Up" Рика Эстли Нет
67%
В рыбьем жиру никогда не бывает холестерина Нет, он там есть
67%
Самой успешной по продажам игровой консолью в истории на 2026 год всё ещё остаётся Sony PlayStation 2 Да
61%
Многие японские крупные корпорации до сих пор пересылают документы по факсу Да
61%
В Древнем Египте не использовали математических расчётов для морской навигации Нет, ими уже пользовались
56%
Борьба самбо была изобретена в СССР Да
56%
Фёдор Достоевский был большим карточным должником Ивана Тургенева Да
56%
Компания IBM сегодня набирает сотрудников даже без университетского образования Да
56%
Первый в истории сериал был снят в самом конце XIX века Нет
56%
Между Гондурасом и Сальвадором была война из-за результатов футбольного матча Да
56%
Газированный лимонад "Dr. Pepper" появился примерно в одно время с "Coca-Cola" Да
50%
Некоторые водоросли способны прорастать без влажной среды Нет
50%
У австралопитеков существовало подобие письменности Нет
44%
Со смотровой площадки здания "Бурдж-Халифа" в ОАЭ можно наблюдать самолёты, летящие на одной с наблюдателем высоте Да
44%
Ни один лист бумаги нельзя согнуть пополам более 7 раз Нет, можно
39%
В Израиле по субботам не работают даже крупные торговые сети Нет, работают
39%
Первые в мире электрические уличные фонари появились в Германии Нет
39%
Мужчинам-пауэрлифтерам перед соревнованиями запрещено есть цитрусовые Нет
39%
После смерти Зигмунда Фройда в его кабинете была найдена записная книжка с зарисовками коротких реалистических рассказов Нет
39%
Сократ сам не написал ни одного труда, так как был неграмотен Нет, он владел письмом
39%
В XX веке один крупный итальянский мафиозный клан Нью-Йорка чуть не купил себе Статую свободы Нет
33%
В формуле тяготения Ньютона изначально не было гравитационной постоянной Да, не было
22%
В древности якуты умели ездить на оленях как на лошадях Нет
17%
No matching quizzes found
Score Distribution
Percent of People with Each Score
Percentile by Number Answered
Your Score History
You have not taken this quiz